[Event "San Cristobal op 5th"]
[Site "San Cristobal de La Laguna"]
[Date "2023.08.31"]
[Round "7"]
[White "Kurajica, Bojan"]
[Black "Marin Dorta, Alejandro"]
[Result "1-0"]
[WhiteElo "2474"]
[BlackElo "1990"]
[PlyCount "81"]
[EventDate "2023.08.26"]
[EventType "swiss"]
[EventRounds "9"]
[EventCountry "ESP"]
[SourceTitle "EXT 2024"]
[Source "ChessBase"]
[SourceDate "2023.10.10"]
[SourceVersion "1"]
[SourceVersionDate "2023.10.10"]
[SourceQuality "1"]

1. Nf3 Nf6 2. d4 d5 3. c4 c6 4. Qb3 dxc4 5. Qxc4 Bf5 6. g3 e6 7. Bg2 Be7 8. 0-0 Nbd7 9. e3 h6 10. Nc3 0-0 11. Rd1 Rc8 12. Ne1 Bh7 13. Qe2 Qc7 14. e4 Rfe8 15. Be3 Bb4 16. f3 Bxc3 17. bxc3 c5 18. Nd3 c4 19. Nf2 Qa5 20. Rdc1 b5 21. Qd2 Nb6 22. f4 Qa3 23. Rab1 a6 24. Rb4 Na4 25. g4 Rb8 26. f5 a5 27. Rbb1 b4 28. cxb4 c3 29. Qc2 Rxb4 30. Rb3 Rxb3 31. axb3 Nb6 32. Qxc3 exf5 33. gxf5 a4 34. bxa4 Qxa4 35. Qd3 Qa5 36. Kh1 Rc8 37. Rg1 Rc3 38. Qe2 Nc4 39. Bf4 Qa3 40. e5 Ne8 41. Ne4 1-0

[Event "San Cristobal op 5th"]
[Site "San Cristobal de La Laguna"]
[Date "2023.08.27"]
[Round "3"]
[White "Estremera Panos, Sergio"]
[Black "Marin Dorta, Alejandro"]
[Result "1-0"]
[WhiteElo "2270"]
[BlackElo "1990"]
[PlyCount "81"]
[EventDate "2023.08.26"]
[EventType "swiss"]
[EventRounds "9"]
[EventCountry "ESP"]
[SourceTitle "EXT 2024"]
[Source "ChessBase"]
[SourceDate "2023.10.10"]
[SourceVersion "1"]
[SourceVersionDate "2023.10.10"]
[SourceQuality "1"]

1. d4 d5 2. c4 c6 3. Nf3 Nf6 4. e3 Bf5 5. cxd5 cxd5 6. Qb3 Qc7 7. Bd2 e6 8. Bb5+ Nc6 9. 0-0 Bd6 10. Bb4 0-0 11. Bxd6 Qxd6 12. Nbd2 h6 13. Rfc1 Ne7 14. Bf1 Rab8 15. Rc3 Nd7 16. Rac1 Nb6 17. a4 Nc6 18. Qb5 Qb4 19. Qxb4 Nxb4 20. a5 Nd7 21. Rc7 Nf6 22. Ne5 Nc6 23. Nxc6 bxc6 24. b3 Ne4 25. Nxe4 Bxe4 26. Rc3 Rb4 27. f3 Bg6 28. R7xc6 Rfb8 29. Rc8+ Rxc8 30. Rxc8+ Kh7 31. Rc3 Bb1 32. g4 Kg6 33. Kf2 Ba2 34. Rc7 Rxb3 35. Rxa7 Rb2+ 36. Kg3 Rb3 37. Kf2 Rb2+ 38. Kg3 Rb3 39. a6 Rxe3 40. Bb5 f6 41. Rc7 1-0

[Event "La Palma Island op"]
[Site "Santa Cruz de La Palma"]
[Date "2023.08.11"]
[Round "9"]
[White "Mamani Beltran, Deniman"]
[Black "Marin Dorta, Alejandro"]
[Result "1/2-1/2"]
[WhiteElo "2198"]
[BlackElo "1990"]
[PlyCount "39"]
[EventDate "2023.08.05"]
[EventType "swiss"]
[EventRounds "9"]
[EventCountry "ESP"]
[SourceTitle "CBM 215 Extra"]
[Source "ChessBase"]
[SourceDate "2023.09.30"]
[SourceVersion "1"]
[SourceVersionDate "2023.09.30"]
[SourceQuality "1"]

1. Nf3 Nf6 2. g3 g6 3. Bg2 Bg7 4. d3 d5 5. 0-0 0-0 6. Nbd2 Nc6 7. c3 a5 8. e4 e5 9. Re1 Re8 10. Qc2 a4 11. Nf1 h6 12. Ne3 Be6 13. exd5 Nxd5 14. Nd2 Nxe3 15. fxe3 Qd7 16. Ne4 b6 17. Nf2 Ra7 18. Bd2 Na5 19. d4 Nc4 20. Nd3 1/2-1/2

[Event "Tenerife-chT Primera"]
[Site "Tenerife"]
[Date "2023.04.15"]
[Round "10.2"]
[White "Marin Dorta, Alejandro"]
[Black "Rodriguez Perez, Mauro"]
[Result "1/2-1/2"]
[WhiteElo "1952"]
[BlackElo "1842"]
[PlyCount "28"]
[EventDate "2023.01.14"]
[EventType "team-tourn"]
[EventRounds "14"]
[EventCountry "ESP"]
[SourceTitle "EXT 2024"]
[Source "ChessBase"]
[SourceDate "2023.10.10"]
[SourceVersion "1"]
[SourceVersionDate "2023.10.10"]
[SourceQuality "1"]
[WhiteTeam "Ebano Barrio Nuevo II"]
[BlackTeam "Circulo de Amistad XII Enero II"]
[WhiteTeamCountry "ESP"]
[BlackTeamCountry "ESP"]

1. e4 d5 2. exd5 Qxd5 3. Nc3 Qd6 4. Bc4 Nf6 5. Qe2 a6 6. d3 Nc6 7. Nf3 Bg4 8. Ne4 Nxe4 9. Qxe4 Bxf3 10. Qxf3 e6 11. 0-0 Be7 12. Bf4 Qd7 13. Qg3 0-0 14. Bxc7 Nd4 1/2-1/2

[Event "Vecindario Montalvo Memorial 15th"]
[Site "Vecindario"]
[Date "2023.04.07"]
[Round "7"]
[White "Roca Marrero, Fernando"]
[Black "Marin Dorta, Alejandro"]
[Result "0-1"]
[WhiteElo "1473"]
[BlackElo "1931"]
[PlyCount "69"]
[EventDate "2023.04.02"]
[EventType "swiss"]
[EventRounds "9"]
[EventCountry "ESP"]
[SourceTitle "CBM 213 Extra"]
[Source "ChessBase"]
[SourceDate "2023.05.31"]
[SourceVersion "1"]
[SourceVersionDate "2023.05.31"]
[SourceQuality "1"]

1. d4 c5 2. e3 Nf6 3. Nd2 e6 4. c3 Nc6 5. Ngf3 b6 6. Bd3 Be7 7. Ne5 Bb7 8. 0-0 Qc7 9. f4 d6 10. Nef3 0-0 11. Ng5 h6 12. Nge4 Nd5 13. Rf3 e5 14. f5 cxd4 15. Nc4 Nf6 16. Rg3 d5 17. Nxf6+ Bxf6 18. Qh5 Kh7 19. exd4 Rh8 20. Nxe5 Nxe5 21. dxe5 Qxe5 22. Qe2 Qxe2 23. Bxe2 d4 24. c4 Rhe8 25. Kf1 Be4 26. Bd3 Bh4 27. Bxe4 Bxg3 28. hxg3 Rxe4 29. f6 gxf6 30. Bf4 Rc8 31. b3 Kg6 32. Rc1 h5 33. Kf2 Rce8 34. Bd2 Re2+ 35. Kf3 0-1

[Event "Vecindario Montalvo Memorial 15th"]
[Site "Vecindario"]
[Date "2023.04.05"]
[Round "5"]
[White "Mamani Beltran, Deniman"]
[Black "Marin Dorta, Alejandro"]
[Result "1-0"]
[WhiteElo "2113"]
[BlackElo "1931"]
[PlyCount "49"]
[EventDate "2023.04.02"]
[EventType "swiss"]
[EventRounds "9"]
[EventCountry "ESP"]
[SourceTitle "CBM 213 Extra"]
[Source "ChessBase"]
[SourceDate "2023.05.31"]
[SourceVersion "1"]
[SourceVersionDate "2023.05.31"]
[SourceQuality "1"]

1. Nf3 d5 2. g3 g6 3. Bg2 Bg7 4. 0-0 Nf6 5. d3 0-0 6. Nbd2 c5 7. e4 Nc6 8. c3 e5 9. Re1 h6 10. exd5 Nxd5 11. Nc4 Re8 12. Nfd2 Nb6 13. Ne4 Qe7 14. Be3 Nd7 15. Qa4 f5 16. Ned6 Nb6 17. Nxb6 axb6 18. Qxa8 Qxd6 19. Qa4 Kh8 20. Qb5 Bd7 21. Qxb6 Bf8 22. f4 exf4 23. Bxf4 Qxd3 24. Qxb7 g5 25. Red1 1-0

[Event "Tenerife-chT Primera"]
[Site "Tenerife"]
[Date "2023.02.04"]
[Round "4.3"]
[White "Gonzalez Melo, Antonio Manuel"]
[Black "Marin Dorta, Alejandro"]
[Result "0-1"]
[WhiteElo "1749"]
[BlackElo "1952"]
[PlyCount "130"]
[EventDate "2023.01.14"]
[EventType "team-tourn"]
[EventRounds "14"]
[EventCountry "ESP"]
[SourceTitle "EXT 2024"]
[Source "ChessBase"]
[SourceDate "2023.10.10"]
[SourceVersion "1"]
[SourceVersionDate "2023.10.10"]
[SourceQuality "1"]
[WhiteTeam "La Victoria 94"]
[BlackTeam "Ebano Barrio Nuevo II"]
[WhiteTeamCountry "ESP"]
[BlackTeamCountry "ESP"]

1. d4 c5 2. Nf3 cxd4 3. Nxd4 d5 4. c4 Qa5+ 5. Qd2 Qc5 6. cxd5 Nf6 7. Qc3 Na6 8. Qxc5 Nxc5 9. Nc3 a6 10. b4 Nce4 11. Nxe4 Nxe4 12. f3 Nf6 13. e4 e6 14. dxe6 Bxb4+ 15. Bd2 Bxd2+ 16. Kxd2 Bxe6 17. Nxe6 fxe6 18. Bc4 Ke7 19. Rhd1 Rac8 20. Rdc1 Nd7 21. Rab1 b5 22. Be2 Nb6 23. Rxc8 Rxc8 24. Rb3 Nc4+ 25. Bxc4 Rxc4 26. Ra3 Rc6 27. e5 b4 28. Rb3 a5 29. Kd3 Rc5 30. f4 Rd5+ 31. Ke2 Rd4 32. g3 a4 33. Rb2 Rc4 34. Kd3 Rc3+ 35. Kd2 Ra3 36. Kc2 Rc3+ 37. Kd2 Rf3 38. Ke2 Ra3 39. Kd2 Kd7 40. Rxb4 Rxa2+ 41. Kc3 Kc6 42. Rc4+ Kb5 43. Rb4+ Ka5 44. Rb8 Rxh2 45. Ra8+ Kb5 46. Rb8+ Kc5 47. Rc8+ Kb6 48. Ra8 Rg2 49. Rxa4 Rxg3+ 50. Kd4 Rg4 51. Kc3 h5 52. Rd4 Kc7 53. Rd6 Rg6 54. f5 Rg3+ 55. Kd4 Rg4+ 56. Ke3 exf5 57. Kf3 g5 58. Rh6 Rf4+ 59. Ke3 Re4+ 60. Kf3 h4 61. e6 Kd6 62. Rf6 Rf4+ 63. Kg2 Ke7 64. Rh6 Re4 65. Rg6 g4 0-1

[Event "Santa Cruz Christmas op 32nd"]
[Site "Santa Cruz"]
[Date "2022.12.27"]
[Round "7"]
[White "Diaz Garcia, Carlos Luis"]
[Black "Marin Dorta, Alejandro"]
[Result "0-1"]
[WhiteElo "1294"]
[BlackElo "1952"]
[PlyCount "46"]
[EventDate "2022.12.15"]
[EventType "swiss"]
[EventRounds "9"]
[EventCountry "ESP"]
[SourceTitle "EXT 2024"]
[Source "ChessBase"]
[SourceDate "2023.10.10"]
[SourceVersion "1"]
[SourceVersionDate "2023.10.10"]
[SourceQuality "1"]

1. d4 c5 2. c3 Nf6 3. Bf4 e6 4. Nf3 d5 5. e3 Nc6 6. Bd3 cxd4 7. cxd4 Nh5 8. Be5 f6 9. Ng5 g6 10. Qf3 Nxe5 11. Bb5+ Nc6 12. Nh3 Qa5+ 13. Nc3 Bb4 14. 0-0 Bxc3 15. bxc3 Qxb5 16. Qd1 e5 17. g4 Ng7 18. f3 Qb6 19. Nf2 Qc7 20. Re1 h5 21. h3 Kf7 22. Qb3 exd4 23. Nh1 hxg4 0-1

[Event "Santa Cruz Christmas op 32nd"]
[Site "Santa Cruz"]
[Date "2022.12.20"]
[Round "4"]
[White "Marin Dorta, Alejandro"]
[Black "Montoro Salvatierra, Pedro"]
[Result "0-1"]
[WhiteElo "1952"]
[BlackElo "1621"]
[PlyCount "118"]
[EventDate "2022.12.15"]
[EventType "swiss"]
[EventRounds "9"]
[EventCountry "ESP"]
[SourceTitle "EXT 2024"]
[Source "ChessBase"]
[SourceDate "2023.10.10"]
[SourceVersion "1"]
[SourceVersionDate "2023.10.10"]
[SourceQuality "1"]

1. e4 e5 2. Nf3 Nc6 3. Bb5 a6 4. Ba4 Nf6 5. Qe2 b5 6. Bb3 d6 7. c3 Bg4 8. h3 Bh5 9. a4 b4 10. a5 Ne7 11. Qc4 c6 12. g4 d5 13. exd5 cxd5 14. Ba4+ Nd7 15. Qe2 Bg6 16. Nxe5 Ra7 17. Nxd7 Rxd7 18. cxb4 d4 19. Na3 d3 20. Qe3 Qa8 21. f3 Qd5 22. b3 h5 23. Nc4 Kd8 24. Nb6 Qd6 25. Nxd7 Nd5 26. Qe5 Nxb4 27. Kf2 hxg4 28. Ba3 f6 29. Bxb4 Qxb4 30. Qc3 Qf4 31. Bc6 Bd6 32. Nc5 Qg3+ 33. Kf1 gxf3 34. Nb7+ Ke7 35. Re1+ Kf8 36. Rg1 Qxh3+ 37. Kf2 Qh2+ 38. Kf1 f2 39. Re8+ Bxe8 40. Rg2 Qh1+ 41. Kxf2 Qh4+ 42. Kf1 Qf4+ 43. Rf2 Qg3 44. Bg2 Rh4 45. Nxd6 Qxd6 46. Bf3 Rf4 47. Qc8 Ke7 48. Qb7+ Bd7 49. Rg2 g5 50. Ke1 Qe5+ 51. Kf1 Qa1+ 52. Kf2 Qxa5 53. Kg1 Qa1+ 54. Kf2 g4 55. Rxg4 Rxg4 56. Bxg4 Qd4+ 57. Kf1 Qxg4 58. Qxa6 Qf3+ 59. Kg1 Qd1+ 0-1

[Event "ESP-chT CECLUB Div2"]
[Site "Linares"]
[Date "2022.08.26"]
[Round "6.5"]
[White "Marin Dorta, Alejandro"]
[Black "Lopez del Alamo, Antonio"]
[Result "0-1"]
[WhiteElo "1869"]
[BlackElo "2240"]
[PlyCount "139"]
[EventDate "2022.08.22"]
[EventType "team-swiss"]
[EventRounds "7"]
[EventCountry "ESP"]
[SourceTitle "CBM 209 Extra"]
[Source "ChessBase"]
[SourceDate "2022.09.30"]
[SourceVersion "1"]
[SourceVersionDate "2022.09.30"]
[SourceQuality "1"]
[WhiteTeam "Ebano Barrio Nuevo"]
[BlackTeam "Villalba 64 Miscasa"]
[WhiteTeamCountry "ESP"]
[BlackTeamCountry "ESP"]

1. e4 c6 2. c4 d5 3. exd5 cxd5 4. cxd5 Nf6 5. Qa4+ Nbd7 6. Nc3 g6 7. Bc4 Bg7 8. Nf3 0-0 9. d3 a6 10. Qa3 Re8 11. 0-0 Bf8 12. d6 e6 13. Ne4 Rb8 14. Bd2 b5 15. Bb3 Nd5 16. Ba5 N7b6 17. Qc5 Bg7 18. d4 Bb7 19. Bxd5 Bxd5 20. Bxb6 Rxb6 21. d7 Re7 22. Qc8 Rxd7 23. Qxd8+ Rxd8 24. Rfe1 Rc6 25. b3 f5 26. Nc5 a5 27. Ne5 Rc7 28. Rac1 Rdc8 29. Rb1 b4 30. f4 Kf8 31. Re2 Ke8 32. Rbe1 Kd8 33. Kf2 Bf6 34. Nf3 Rxc5 35. dxc5 Bc3 36. Rd1 Kc7 37. Nd4 Bxd4+ 38. Rxd4 Kc6 39. Rc2 g5 40. g3 gxf4 41. Rxf4 Be4 42. Rc1 Rd8 43. Ke2 Ra8 44. Rh4 a4 45. Rc4 axb3 46. axb3 Ra2+ 47. Ke3 Kd5 48. c6 Ra8 49. c7 Rc8 50. Rh6 Kd6 51. g4 Bd5 52. Rc1 f4+ 53. Kxf4 Bxb3 54. Rxh7 Bd5 55. Ke3 b3 56. Kd2 Be4 57. Rh8 Rxh8 58. c8Q Rxc8 59. Rxc8 b2 60. Rb8 b1Q 61. Rxb1 Bxb1 62. h4 Ke5 63. Ke3 Be4 64. h5 Bc2 65. Kd2 Bb1 66. Ke3 Kf6 67. Kd4 e5+ 68. Kd5 e4 69. Kd4 Kg5 70. Ke3 0-1

[Event "Tenerife-chT Primera"]
[Site "Tenerife"]
[Date "2022.05.21"]
[Round "13.3"]
[White "Marin Dorta, Alejandro"]
[Black "Perez Martin, Nicanor"]
[Result "1-0"]
[WhiteElo "1843"]
[BlackElo "1559"]
[PlyCount "77"]
[EventDate "2022.01.29"]
[EventType "team-tourn"]
[EventRounds "14"]
[EventCountry "ESP"]
[SourceTitle "EXT 2024"]
[Source "ChessBase"]
[SourceDate "2023.10.10"]
[SourceVersion "1"]
[SourceVersionDate "2023.10.10"]
[SourceQuality "1"]
[WhiteTeam "Ebano Barrio Nuevo II"]
[BlackTeam "La Victoria 94"]
[WhiteTeamCountry "ESP"]
[BlackTeamCountry "ESP"]

1. e4 Nf6 2. e5 Nd5 3. c4 Nb6 4. d4 d6 5. f4 dxe5 6. fxe5 Nc6 7. Be3 Bf5 8. Nf3 e6 9. Bd3 Bxd3 10. Qxd3 Be7 11. 0-0 0-0 12. Nc3 Nd7 13. Rad1 f6 14. exf6 Bxf6 15. Ne4 Qe8 16. Nfg5 Qe7 17. Nxh7 Rf7 18. Neg5 Bxg5 19. Nxg5 Rxf1+ 20. Rxf1 Nf6 21. Ne4 Rd8 22. Nxf6+ gxf6 23. Rf3 f5 24. Rg3+ Kf7 25. Bg5 Rxd4 26. Bxe7 Rxd3 27. Rxd3 Kxe7 28. b3 Nb4 29. Rd2 e5 30. Kf2 Ke6 31. Ke3 c5 32. g3 Nc6 33. Rd5 b6 34. h4 Ne7 35. Rd8 Nc6 36. Rf8 Nd4 37. h5 Ke7 38. Ra8 Nc6 39. h6 1-0

[Event "Tenerife-chT Primera"]
[Site "Tenerife"]
[Date "2022.03.12"]
[Round "6.2"]
[White "Marin Dorta, Alejandro"]
[Black "Sanchez Martin, Jacobo"]
[Result "1-0"]
[WhiteElo "1843"]
[BlackElo "1740"]
[PlyCount "85"]
[EventDate "2022.01.29"]
[EventType "team-tourn"]
[EventRounds "14"]
[EventCountry "ESP"]
[SourceTitle "EXT 2024"]
[Source "ChessBase"]
[SourceDate "2023.10.10"]
[SourceVersion "1"]
[SourceVersionDate "2023.10.10"]
[SourceQuality "1"]
[WhiteTeam "Ebano Barrio Nuevo II"]
[BlackTeam "La Victoria 94"]
[WhiteTeamCountry "ESP"]
[BlackTeamCountry "ESP"]

1. e4 e5 2. Nf3 Nc6 3. Bb5 d6 4. c3 Bd7 5. d4 exd4 6. cxd4 Be7 7. 0-0 Nf6 8. Nc3 0-0 9. e5 dxe5 10. dxe5 Ne8 11. Qe2 a6 12. Bc4 Bg4 13. Rd1 Qc8 14. Bd5 Nd8 15. h3 Bh5 16. Be4 c6 17. Qd3 Bg6 18. Bxg6 hxg6 19. Na4 Qc7 20. Qd7 Ne6 21. Qxc7 N8xc7 22. Rd7 Rfe8 23. Be3 Rad8 24. Rad1 Nf8 25. Rxd8 Rxd8 26. Rxd8 Bxd8 27. Nc5 b5 28. Nd4 Nd5 29. Nxc6 Bb6 30. Bd4 Bxc5 31. Bxc5 Nd7 32. Bd6 g5 33. g3 Kh7 34. Kf1 Kg6 35. Ke2 N7b6 36. Kd3 Nc4 37. b3 Ncb6 38. Kd4 Kf5 39. Bf8 g6 40. Bd6 f6 41. exf6 Kxf6 42. Nb4 a5 43. Nxd5+ 1-0

[Event "Tenerife-chT Primera"]
[Site "Tenerife"]
[Date "2021.10.09"]
[Round "14.2"]
[White "Marin Dorta, Alejandro"]
[Black "Aguirre Lorenzo, Luis Francisco"]
[Result "1/2-1/2"]
[WhiteElo "1772"]
[BlackElo "1794"]
[PlyCount "99"]
[EventDate "2021.02.27"]
[EventType "team-tourn"]
[EventRounds "14"]
[EventCountry "ESP"]
[SourceTitle "EXT 2023"]
[Source "ChessBase"]
[SourceDate "2022.10.05"]
[SourceVersion "1"]
[SourceVersionDate "2022.10.05"]
[SourceQuality "1"]
[WhiteTeam "Ebano Barrio Nuevo II"]
[BlackTeam "Circulo de Amistad XII Enero"]
[WhiteTeamCountry "ESP"]
[BlackTeamCountry "ESP"]

1. e4 c5 2. b3 Nc6 3. Bb2 d6 4. Bb5 Nf6 5. d3 Qa5+ 6. Nc3 g6 7. Qd2 Bg7 8. Nd5 Qxd2+ 9. Kxd2 0-0 10. Bxc6 bxc6 11. Nxe7+ Kh8 12. Nxc6 Nxe4+ 13. dxe4 Bxb2 14. Rb1 Bf6 15. Na5 Be6 16. Nf3 d5 17. e5 Bg7 18. Rhe1 Rab8 19. b4 cxb4 20. Nc6 Bh6+ 21. Ke2 Rb6 22. Nfd4 Bd7 23. Ne7 Re8 24. Nxd5 Rxe5+ 25. Ne3 Bg7 26. Red1 Re4 27. Nb3 Bb5+ 28. Kf3 Re8 29. g3 Bc6+ 30. Ke2 Ra6 31. Nc1 Bb5+ 32. Kf3 Rf6+ 33. Kg2 a5 34. Kg1 Rfe6 35. Nb3 Re4 36. Nxa5 Ra8 37. Nb7 Bf8 38. Nd6 Bxd6 39. Rxd6 Rxa2 40. Rb6 Ba4 41. R6xb4 Rxb4 42. Rxb4 Bxc2 43. Nxc2 Rxc2 44. Rb7 Kg7 45. Kg2 h5 46. Kf3 Rc3+ 47. Ke2 Rc2+ 48. Ke3 Rc3+ 49. Kd2 Rf3 50. Ke2 1/2-1/2

[Event "Tenerife-chT Primera"]
[Site "Tenerife"]
[Date "2021.09.18"]
[Round "11.2"]
[White "Gonzalez Miranda, Alejandro"]
[Black "Marin Dorta, Alejandro"]
[Result "0-1"]
[WhiteElo "1280"]
[BlackElo "1772"]
[PlyCount "83"]
[EventDate "2021.02.27"]
[EventType "team-tourn"]
[EventRounds "14"]
[EventCountry "ESP"]
[SourceTitle "EXT 2023"]
[Source "ChessBase"]
[SourceDate "2022.10.05"]
[SourceVersion "1"]
[SourceVersionDate "2022.10.05"]
[SourceQuality "1"]
[WhiteTeam "Santa Ursula Badnor"]
[BlackTeam "Ebano Barrio Nuevo II"]
[WhiteTeamCountry "ESP"]
[BlackTeamCountry "ESP"]

1. e4 c5 2. Nf3 e6 3. d4 cxd4 4. Nxd4 Nf6 5. Nc3 Nc6 6. Bf4 Bb4 7. Bc4 Nxe4 8. Qd3 Nc5 9. Qe3 0-0 10. 0-0 d5 11. Bb5 Qb6 12. Be2 Bxc3 13. bxc3 Ne4 14. f3 Nxc3 15. Nxc6 Nxe2+ 16. Kh1 Nxf4 17. Ne7+ Kh8 18. Qxf4 Qc5 19. Nxc8 Raxc8 20. Qa4 a6 21. Rfc1 Rfd8 22. Rab1 Rc7 23. h3 d4 24. Qb3 Qd5 25. Qa4 Rdc8 26. Rb3 h6 27. Rd3 Qc4 28. Qa3 Kh7 29. Kh2 Qd5 30. Rd2 Rc3 31. Qb2 b5 32. a3 Qd6+ 33. Kh1 Qxa3 34. Qxa3 Rxa3 35. Rxd4 Rac3 36. Rd6 Rxc2 37. Rxc2 Rxc2 38. Rxa6 Rc5 39. Rb6 Kg6 40. Kh2 Kf5 41. Kg3 Ke5 42. h4 0-1

[Event "Tenerife-chT Preferente"]
[Site "Tenerife"]
[Date "2021.09.11"]
[Round "10.4"]
[White "Medal Paves, Jose Maria"]
[Black "Marin Dorta, Alejandro"]
[Result "1/2-1/2"]
[WhiteElo "2000"]
[BlackElo "1772"]
[PlyCount "35"]
[EventDate "2021.02.27"]
[EventType "team-tourn"]
[EventRounds "14"]
[EventCountry "ESP"]
[SourceTitle "EXT 2023"]
[Source "ChessBase"]
[SourceDate "2022.10.05"]
[SourceVersion "1"]
[SourceVersionDate "2022.10.05"]
[SourceQuality "1"]
[WhiteTeam "Rey Ahogado"]
[BlackTeam "Ebano Barrio Nuevo"]
[WhiteTeamCountry "ESP"]
[BlackTeamCountry "ESP"]

1. e4 c5 2. Nf3 e6 3. d4 cxd4 4. Nxd4 Nf6 5. Bd3 d5 6. exd5 Nxd5 7. 0-0 Be7 8. c3 0-0 9. Nd2 Nc6 10. Nxc6 bxc6 11. Nf3 Qc7 12. Re1 Bb7 13. Qe2 c5 14. Ba6 Bxa6 15. Qxa6 Bd6 16. Qe2 Rab8 17. h3 Rfc8 18. Nd2 1/2-1/2

[Event "San Cristobal op 3rd"]
[Site "San Cristobal de la Laguna"]
[Date "2021.08.28"]
[Round "1"]
[White "Marin Dorta, Alejandro"]
[Black "Strikovic, Aleksa"]
[Result "0-1"]
[WhiteElo "1741"]
[BlackElo "2461"]
[PlyCount "58"]
[EventDate "2021.08.28"]
[EventType "swiss"]
[EventRounds "9"]
[EventCountry "ESP"]
[SourceTitle "CBM 204 Extra"]
[Source "ChessBase"]
[SourceDate "2021.11.30"]
[SourceVersion "1"]
[SourceVersionDate "2021.11.30"]
[SourceQuality "1"]

1. e4 c5 2. c3 Nf6 3. e5 Nd5 4. d4 e6 5. Nf3 cxd4 6. cxd4 b6 7. Bd3 Ba6 8. 0-0 Bxd3 9. Qxd3 Nc6 10. a3 d6 11. Rd1 Be7 12. Bd2 0-0 13. Nc3 Nxc3 14. Bxc3 d5 15. Rac1 Rc8 16. Ne1 f6 17. Qh3 Qd7 18. Nf3 fxe5 19. dxe5 a5 20. Bd4 b5 21. Bc5 Rf5 22. Bxe7 Nxe7 23. Qh4 Ng6 24. Qd4 Rcf8 25. Qb6 Nf4 26. Rc7 Qe8 27. Qa7 Qg6 28. Nh4 Nh3+ 29. Kh1 Nxf2+ 0-1

[Event "Tenerife-chT Primera"]
[Site "Tenerife"]
[Date "2021.06.06"]
[Round "9.2"]
[White "Gonzalez Melo, Antonio Manuel"]
[Black "Marin Dorta, Alejandro"]
[Result "1/2-1/2"]
[WhiteElo "1686"]
[BlackElo "1772"]
[PlyCount "52"]
[EventDate "2021.02.27"]
[EventType "team-tourn"]
[EventRounds "14"]
[EventCountry "ESP"]
[SourceTitle "EXT 2023"]
[Source "ChessBase"]
[SourceDate "2022.10.05"]
[SourceVersion "1"]
[SourceVersionDate "2022.10.05"]
[SourceQuality "1"]
[WhiteTeam "La Victoria 94"]
[BlackTeam "Ebano Barrio Nuevo II"]
[WhiteTeamCountry "ESP"]
[BlackTeamCountry "ESP"]

1. d4 c5 2. Nf3 Nf6 3. c4 g6 4. Nc3 Bg7 5. e4 cxd4 6. Nxd4 d6 7. Be2 0-0 8. 0-0 Bd7 9. Be3 Nc6 10. Rc1 Qa5 11. f3 a6 12. Qd2 Nxd4 13. Bxd4 Rfb8 14. Rfd1 b5 15. Bxf6 Bxf6 16. Nd5 Qxd2 17. Nxf6+ Kg7 18. Nh5+ gxh5 19. Rxd2 Be6 20. b3 Rc8 21. Rdc2 Rab8 22. cxb5 Rxc2 23. Rxc2 axb5 24. Kf2 Kf6 25. Ke3 Rb7 26. Kd4 Bd7 1/2-1/2

[Event "Isla de Tenerife U2000 2nd"]
[Site "Puerto de la Cruz"]
[Date "2021.04.04"]
[Round "7"]
[White "Marin Dorta, Alejandro"]
[Black "Oudeh Mishmesh, Omar"]
[Result "0-1"]
[WhiteElo "1791"]
[BlackElo "1932"]
[PlyCount "64"]
[EventDate "2021.04.01"]
[EventType "tourn"]
[EventRounds "7"]
[EventCountry "ESP"]
[SourceTitle "EXT 2022"]
[Source "ChessBase"]
[SourceDate "2021.10.06"]
[SourceVersion "1"]
[SourceVersionDate "2021.10.06"]
[SourceQuality "1"]

1. e4 c6 2. d4 d5 3. Nc3 dxe4 4. Nxe4 Nd7 5. Bc4 Ngf6 6. Nxf6+ Nxf6 7. Qd3 e6 8. Ne2 Be7 9. 0-0 0-0 10. Bb3 b6 11. c3 Bb7 12. Bc2 c5 13. Bg5 Qd5 14. Qg3 Nh5 15. Qh3 Qxg5 16. f4 Qh6 17. g4 Nf6 18. Qg3 Ne4 19. Qe3 f5 20. g5 Qg6 21. Bxe4 Bxe4 22. Ng3 cxd4 23. cxd4 Bd5 24. h4 Qe8 25. h5 h6 26. Kh2 hxg5 27. fxg5 Bd6 28. Rf4 Bxf4 29. Qxf4 Qb8 30. Qh4 f4 31. h6 fxg3+ 32. Kg1 Qf4 0-1

[Event "Tenerife-chT Primera 1920"]
[Site "Tenerife "]
[Date "2020.03.07"]
[Round "8.4"]
[White "Hernandez Gutierrez, Acoraide"]
[Black "Marin Dorta, Alejandro"]
[Result "0-1"]
[WhiteElo "1469"]
[BlackElo "1770"]
[PlyCount "72"]
[EventDate "2019.11.30"]
[EventType "team-tourn"]
[EventRounds "14"]
[EventCountry "ESP"]
[SourceTitle "CBM 195 Extra"]
[Source "ChessBase"]
[SourceDate "2020.05.31"]
[SourceVersion "1"]
[SourceVersionDate "2020.05.31"]
[SourceQuality "1"]
[WhiteTeam "Playa San Juan"]
[BlackTeam "Ebano Barrio Nuevo II"]
[WhiteTeamCountry "ESP"]
[BlackTeamCountry "ESP"]

1. d4 c5 2. c3 Nf6 3. Nf3 g6 4. Bg5 Bg7 5. e3 b6 6. Nbd2 Bb7 7. Be2 d6 8. 0-0 0-0 9. Re1 Nbd7 10. Bf1 a6 11. a4 Ra7 12. e4 h6 13. Bxf6 Nxf6 14. e5 Nd5 15. Bc4 Nf4 16. Nf1 dxe5 17. dxe5 Qxd1 18. Raxd1 Bxf3 19. gxf3 Rb8 20. Ng3 b5 21. axb5 axb5 22. Bf1 b4 23. Re4 Ne6 24. f4 bxc3 25. bxc3 Ra3 26. Rc4 Rbb3 27. Rd3 Ra1 28. Rd7 Rbb1 29. Rxe7 h5 30. h4 Kf8 31. Rd7 Bh6 32. Kg2 Bxf4 33. Be2 Bxe5 34. Ne4 Ra2 35. Kf3 Rbb2 36. Bd3 f5 0-1

[Event "Santa Cruz de Tenerife op 30th"]
[Site "Santa Cruz de Tenerife"]
[Date "2019.12.18"]
[Round "4"]
[White "Marin Dorta, Alejandro"]
[Black "Fernandez Garcia, Jose Luis"]
[Result "0-1"]
[WhiteElo "1787"]
[BlackElo "2392"]
[PlyCount "114"]
[EventDate "2019.12.13"]
[EventType "swiss"]
[EventRounds "9"]
[EventCountry "ESP"]
[SourceTitle "CBM 194 Extra"]
[Source "ChessBase"]
[SourceDate "2020.03.31"]
[SourceVersion "1"]
[SourceVersionDate "2020.03.31"]
[SourceQuality "1"]

1. e4 Nf6 2. e5 Nd5 3. d4 d6 4. c4 Nb6 5. exd6 cxd6 6. Nc3 g6 7. h3 Bg7 8. Nf3 0-0 9. Be2 Nc6 10. 0-0 Bf5 11. Re1 Rc8 12. b3 d5 13. c5 Nd7 14. Bb2 Be4 15. Nxe4 dxe4 16. Ng5 Nxc5 17. dxc5 Bxb2 18. Rb1 Bc3 19. Qxd8 Rfxd8 20. Red1 Rd4 21. Rxd4 Bxd4 22. Nxe4 f5 23. Ng5 Bxc5 24. Bc4+ Kh8 25. Be6 Rb8 26. Rc1 Bb6 27. Re1 h6 28. Nf3 Rd8 29. g4 fxg4 30. hxg4 Kg7 31. Kg2 Kf6 32. Re2 Bc7 33. Bc4 Ne5 34. Nxe5 Bxe5 35. Re4 Rd2 36. a4 Bd6 37. Re2 Rd4 38. f3 Kg5 39. Bf7 h5 40. gxh5 gxh5 41. Be6 a5 42. Kf2 Rh4 43. Ke3 Bc5+ 44. Kd3 Rd4+ 45. Kc3 b6 46. Re5+ Kf6 47. Re2 h4 48. Bh3 Rf4 49. Bg4 Rxg4 50. fxg4 Kg5 51. Kd3 h3 52. Rh2 Kxg4 53. Ke2 Kg3 54. Rh1 h2 55. Rf1 Kg2 56. Rf8 h1Q 57. Rg8+ Kh2 0-1